000 00308nam a22001337a 4500
008 170815b xxu||||| |||| 00| 0 eng d
020 _a0201058855
041 _aeng
080 _24 ED
_a51
100 _a36
101 _aMAT
245 _aMATHEMATICS AS A SECOND LANGUAGE
_cNEWMARK.L
942 _2udc
_cBK
999 _c23539
_d23539